000 00370nam a22001577a 4500
003 MPLRDC
005 20220104123512.0
008 210129b ||||| |||| 00| 0 eng d
082 _a220.7 SYJS
100 _a山隐居士编著
245 _a导灵法漫谈
_c
260 _a
_b青山出版社
_c
300 _b
650 _a佛教杂论
942 _cBK
_o220.7 SYJS
999 _c11938
_d11928